000 00400nam a2200145Ia 4500
008 230917s9999||||xx |||||||||||||| ||und||
040 _e28483
_aMAIN
041 _aEnglish
082 _a362.29 A81D
100 _aAgrawal, Rashmi
245 0 _aDrug abuse: Socio-psychological perspectives and intervention strategies
260 _aDelhi
_bShipra Publications
_c1995
300 _a205 p.
942 _cBK
999 _c98267
_d98267